ਲੂੰ ਲੂੰ ਲੱਗੀ ਅੱਗ / (Record no. 109702)

MARC details
000 -LEADER
fixed length control field 00953nam a22002537a 4500
005 - DATE AND TIME OF LATEST TRANSACTION
control field 20170123164141.0
010 ## - LIBRARY OF CONGRESS CONTROL NUMBER
LC control number B-095399
020 ## - INTERNATIONAL STANDARD BOOK NUMBER
International Standard Book Number 8181380177
Terms of availability 200.00
035 ## - SYSTEM CONTROL NUMBER
System control number B-095399
037 ## - SOURCE OF ACQUISITION
Source of stock number/acquisition Cen Lib / Ret
040 ## - CATALOGING SOURCE
Original cataloging agency DPL
Language of cataloging PN
082 ## - DEWEY DECIMAL CLASSIFICATION NUMBER
Classification number 851
Item number ਰਾਜਿੰਦ
100 ## - MAIN ENTRY--PERSONAL NAME
Personal name ਰਾਜਿੰਦਰ ਸਿੰਘ
9 (RLIN) 141540
245 ## - TITLE STATEMENT
Title ਲੂੰ ਲੂੰ ਲੱਗੀ ਅੱਗ /
Statement of responsibility, etc ਰਾਜਿੰਦਰ ਸਿੰਘ
246 ## - VARYING FORM OF TITLE
Title proper/short title Lu lu kardee aag
Remainder of title by Rajinder Singh Jali
260 ## - PUBLICATION, DISTRIBUTION, ETC. (IMPRINT)
Place of publication, distribution, etc ਦਿੱਲੀ
Name of publisher, distributor, etc ਅੈਮ.ਪੀ. ਪ੍ਰਕਾਸ਼ਨ
270 ## - ADDRESS
Address ਸ਼਼ੋਪ ਨੰ. 7, 12/190, ਗੀਤਾ ਕਲੋਨੀ
City ਦਿੱਲੀ
Postal code 110031
300 ## - PHYSICAL DESCRIPTION
Extent 181p.
Dimensions 22(Hb)
650 ## - SUBJECT ADDED ENTRY--TOPICAL TERM
Topical term or geographic name as entry element ਪੰਜਾਬੀ ਗੀਤ
9 (RLIN) 1301
650 ## - SUBJECT ADDED ENTRY--TOPICAL TERM
Topical term or geographic name as entry element ਪੰਜਾਬੀ ਸਾਹਿਤ
9 (RLIN) 141541
650 ## - SUBJECT ADDED ENTRY--TOPICAL TERM
Topical term or geographic name as entry element Punjabi songs
9 (RLIN) 7397
650 ## - SUBJECT ADDED ENTRY--TOPICAL TERM
Topical term or geographic name as entry element Punjabi Literature
9 (RLIN) 141542
942 ## - ADDED ENTRY ELEMENTS (KOHA)
Source of classification or shelving scheme Dewey Decimal Classification
Koha item type Punjabi Bks
Classification part 851
Call number suffix ਰਾਜਿੰਦ
Holdings
Withdrawn status Lost status Damaged status Not for loan Home library Current library Date acquired Source of acquisition Cost, normal purchase price Total Checkouts Full call number Barcode Date last seen Copy number Cost, replacement price Price effective from Koha item type
        Central Library Central Library 23/06/2015 Cen Lib/Ret 200.00   851 ਰਾਜਿੰਦ B-095399 23/06/2015 1 200.00 15/09/2016 Punjabi Bks

© Delhi Public Library
Hit Counter
free hit counter